[Event "UT Dallas Fall Open 2017"]
[Site "Dallas USA"]
[Date "2017.11.18"]
[Round "3.3"]
[White "Popilski, Gil"]
[Black "Macieja, Bartlomiej"]
[Result "1/2-1/2"]
[WhiteTitle "GM"]
[BlackTitle "GM"]
[WhiteElo "2502"]
[BlackElo "2533"]
[WhiteFideId "2809060"]
[BlackFideId "1104306"]
[EventDate "2017.11.17"]

1. e4 c6 2. c4 d5 3. exd5 Nf6 4. Nc3 cxd5 5. cxd5 Nxd5 6. Nf3 Nxc3 7. bxc3 g6 8.
Bb5+ Bd7 9. a4 Bg7 10. O-O O-O 11. Re1 Nc6 12. Ba3 Re8 13. d4 Rc8 14. Ng5 h6 15.
Ne4 b6 16. h4 Na5 17. Bb4 Nc6 18. Ba3 Na5 19. Bb4 Nc6 20. Ba3 1/2-1/2

[Event "UT Dallas Fall Open 2017"]
[Site "Dallas USA"]
[Date "2017.11.18"]
[Round "3.5"]
[White "Gareyev, Timur"]
[Black "Raznikov, Danny"]
[Result "1-0"]
[WhiteTitle "GM"]
[BlackTitle "GM"]
[WhiteElo "2615"]
[BlackElo "2488"]
[WhiteFideId "14200937"]
[BlackFideId "2811154"]
[EventDate "2017.11.17"]

1. Nf3 d5 2. e3 Nf6 3. c4 e6 4. b3 Be7 5. Bb2 O-O 6. Nc3 c5 7. cxd5 exd5 8. d4
Nc6 9. Be2 Bg4 10. dxc5 Bxc5 11. O-O a6 12. Nd4 Bxd4 13. Bxg4 Be5 14. Bf3 Qd6
15. g3 Rad8 16. Rc1 d4 17. exd4 Bxd4 18. Rc2 Ne5 19. Rd2 Nxf3+ 20. Qxf3 Qe7 21.
Re2 Qc7 22. Rc1 Qd7 23. Rd1 Qg4 24. Qxg4 Nxg4 25. Kg2 Nf6 26. Rd3 Rd7 27. Ne4
Rfd8 28. Nxf6+ 1-0

[Event "UT Dallas Fall Open 2017"]
[Site "Dallas USA"]
[Date "2017.11.18"]
[Round "3.6"]
[White "Chandra, Akshat"]
[Black "Gorovets, Andrey"]
[Result "1-0"]
[WhiteTitle "GM"]
[BlackTitle "IM"]
[WhiteElo "2483"]
[BlackElo "2529"]
[WhiteFideId "25006711"]
[BlackFideId "13504037"]
[EventDate "2017.11.17"]

1. e4 e5 2. Nf3 Nc6 3. Bb5 a6 4. Ba4 Nf6 5. O-O Be7 6. d3 d6 7. c3 Bg4 8. Re1
Nd7 9. Be3 h6 10. Nbd2 Bg5 11. h3 Bh5 12. b4 Bxe3 13. Rxe3 O-O 14. Nf1 Nb6 15.
Bxc6 bxc6 16. Ng3 Bxf3 17. Rxf3 g6 18. d4 Qe7 19. c4 a5 20. bxa5 Nd7 21. d5 cxd5
22. cxd5 Nc5 23. Ra3 f5 24. Qe2 Qh4 25. Rc1 f4 26. Nf1 f3 27. Rxf3 Rxf3 28. Qxf3
Rxa5 29. Rc4 Rxa2 30. Rxc5 dxc5 31. d6 Qf4 32. Qb3+ Qf7 33. Qb8+ Kg7 34. Qxc7
Rxf2 35. Ne3 Rb2 36. Nd5 c4 37. Kh2 Rb7 38. Qxc4 Qe6 39. Qc5 Kf7 40. Nc7 Qa2 41.
Qxe5 Rb2 42. Qf4+ Kg7 43. Qe5+ Kh7 44. Qe7+ Kh8 45. Qd8+ Kh7 46. Qd7+ Kh8 47.
Qg4 Qf7 48. e5 Rd2 49. e6 Qf6 50. Qg3 Re2 51. e7 Rxe7 52. Nd5 1-0

[Event "UT Dallas Fall Open 2017"]
[Site "Dallas USA"]
[Date "2017.11.18"]
[Round "3.7"]
[White "Arribas Lopez, Angel"]
[Black "Ider, Borya"]
[Result "1/2-1/2"]
[WhiteTitle "GM"]
[BlackTitle "IM"]
[WhiteElo "2471"]
[BlackElo "2515"]
[WhiteFideId "2283352"]
[BlackFideId "4901134"]
[EventDate "2017.11.17"]

1. e4 e6 2. d4 d5 3. Bd3 dxe4 4. Bxe4 Nf6 5. Bf3 c5 6. Ne2 Nc6 7. Be3 e5 8.
Bxc6+ bxc6 9. dxe5 Qxd1+ 10. Kxd1 Ng4 11. Nd2 Be7 12. h3 Nxe3+ 13. fxe3 O-O 14.
Nf4 Re8 15. Ke2 f6 16. Nd3 fxe5 17. c4 e4 18. Nxe4 Bf5 19. Ndf2 Bf8 20. Nc3 Re6
21. Rhe1 1/2-1/2

[Event "UT Dallas Fall Open 2017"]
[Site "Dallas USA"]
[Date "2017.11.18"]
[Round "3.9"]
[White "Xiong, Jeffery"]
[Black "Patel, Advait"]
[Result "1/2-1/2"]
[WhiteTitle "GM"]
[BlackTitle "IM"]
[WhiteElo "2629"]
[BlackElo "2449"]
[WhiteFideId "2047640"]
[BlackFideId "2075105"]
[EventDate "2017.11.17"]

1. d4 Nf6 2. c4 g6 3. Nc3 Bg7 4. g3 O-O 5. Bg2 d6 6. Nf3 Nc6 7. O-O Rb8 8. Bf4
a6 9. Rc1 h6 10. h3 g5 11. Bd2 e5 12. dxe5 dxe5 13. e4 g4 14. hxg4 Bxg4 15. Qe1
Bxf3 16. Bxf3 Nd4 17. Bg2 c6 18. Nd1 Nd7 19. c5 Re8 20. Ne3 Bf8 21. b4 a5 22. a3
axb4 23. axb4 b6 24. cxb6 Qxb6 25. Qd1 Nf6 26. Ng4 Re6 27. Be3 Nxg4 28. Qxg4+
Rg6 29. Qh5 Qxb4 30. Kh2 Rb5 31. Bh3 Rf6 32. Qg4+ Rg6 33. Qh5 Rf6 34. Qg4+ Rg6
35. Qh5 1/2-1/2

[Event "UT Dallas Fall Open 2017"]
[Site "Dallas USA"]
[Date "2017.11.18"]
[Round "3.10"]
[White "Kaliksteyn, Alexander"]
[Black "Sevian, Samuel"]
[Result "0-1"]
[WhiteTitle "FM"]
[BlackTitle "GM"]
[WhiteElo "2425"]
[BlackElo "2615"]
[WhiteFideId "2007630"]
[BlackFideId "2040506"]
[EventDate "2017.11.17"]

1. d4 Nf6 2. Nf3 g6 3. Bf4 Bg7 4. Nc3 d6 5. Qd2 c6 6. e4 b5 7. Bd3 Bg4 8. Bh6
Bxh6 9. Qxh6 Bxf3 10. gxf3 Nbd7 11. O-O-O e5 12. dxe5 dxe5 13. f4 Ng4 14. Qg7
Qf6 15. Qxf6 Ndxf6 16. fxe5 Nh5 17. Rdf1 Nxe5 18. f4 Nxd3+ 19. cxd3 O-O-O 20.
Kd2 f5 21. exf5 gxf5 22. Ne2 Rd5 23. Rf3 Nf6 24. Ng3 Re8 25. Re1 Rxe1 26. Kxe1
Kd7 27. Ke2 a5 28. Nf1 Ke6 29. Ne3 Rd7 30. Rf1 Nh5 31. Rc1 Nxf4+ 32. Kf3 Nxd3
33. Rxc6+ Rd6 34. Rxd6+ Kxd6 35. Nxf5+ Kc5 36. Ke4 Nxb2 37. h4 a4 38. h5 b4 39.
h6 a3 40. Nd4 Kc4 41. Nf3 Kc3 42. Nd4 Nc4 43. Kd5 Nd2 0-1

[Event "UT Dallas Fall Open 2017"]
[Site "Dallas USA"]
[Date "2017.11.18"]
[Round "3.11"]
[White "Brown, Michael William"]
[Black "Rahul, Srivatshav P"]
[Result "1-0"]
[WhiteTitle "IM"]
[WhiteElo "2514"]
[BlackElo "2375"]
[WhiteFideId "2037602"]
[BlackFideId "25059653"]
[EventDate "2017.11.17"]

1. d4 Nf6 2. c4 g6 3. Nc3 Bg7 4. e4 d6 5. Nf3 O-O 6. Be2 e5 7. Be3 Ng4 8. Bg5 f6
9. Bh4 g5 10. Bg3 Nh6 11. c5 Nc6 12. cxd6 cxd6 13. dxe5 dxe5 14. Qb3+ Kh8 15. h3
Qe8 16. O-O g4 17. hxg4 Bxg4 18. Qxb7 Rb8 19. Qa6 f5 20. exf5 Nxf5 21. Nh4 Rb6
22. Qa3 Bxe2 23. Nxf5 Bxf1 24. Nxg7 Kxg7 25. Rxf1 Qf7 26. Qc5 Qe7 27. Qxe7+ Nxe7
28. Bxe5+ Kg8 29. Bd4 Rb7 30. Ne4 Rd8 31. Nf6+ Kf7 32. Bc3 Nf5 33. Re1 Nd6 34.
Nxh7 Kg6 35. Nf8+ Rxf8 36. Re6+ Kf5 37. Rxd6 Re8 38. g3 Rf7 39. Kg2 Kg5 40. Bd2+
Kf5 41. Be3 Rc8 42. Ra6 Rc2 43. b3 Rcc7 44. Ra4 Kg6 45. g4 Rce7 46. Kg3 Kh7 47.
Ra6 Kg7 48. Bd4+ Kh7 49. g5 Rf5 50. Rh6+ Kg8 51. g6 1-0

[Event "UT Dallas Fall Open 2017"]
[Site "Dallas USA"]
[Date "2017.11.18"]
[Round "3.12"]
[White "Vazquez, Guillermo"]
[Black "Hernandez Carmenate, Holden"]
[Result "1/2-1/2"]
[WhiteTitle "IM"]
[BlackTitle "GM"]
[WhiteElo "2427"]
[BlackElo "2462"]
[WhiteFideId "3702308"]
[BlackFideId "3504387"]
[EventDate "2017.11.17"]

1. e4 c6 2. d4 d5 3. e5 Bf5 4. Nf3 e6 5. Be2 Nd7 6. O-O Bb4 7. Nbd2 h6 8. Nb3
Ne7 9. a4 Bh7 10. a5 Ng6 11. c4 dxc4 12. Bxc4 O-O 13. Qe2 b6 14. Bd3 c5 15. Rd1
bxa5 16. Be3 Rc8 17. Bb5 c4 18. Bxc4 Nb6 19. Ba6 Rb8 20. d5 Nxd5 21. Bc4 Ngf4
22. Bxf4 Nxf4 23. Qe3 Nd5 24. Qd4 Nb6 25. Qf4 Qe7 26. Bd3 Bxd3 27. Rxd3 Nd5 28.
Qe4 Rfc8 29. h4 Qc7 30. Nfd4 Qb6 31. Rg3 Rc4 32. Qg4 Bf8 33. Rxa5 Qc7 34. Rxd5
exd5 35. e6 Rxb3 36. exf7+ Qxf7 37. Rxb3 Rc1+ 38. Kh2 Bd6+ 39. f4 Rc4 40. Ne2
Bxf4+ 41. Nxf4 Rxf4 42. Qg3 Qf6 43. Rb8+ Kh7 44. Qd3+ Re4 45. g3 Qf2+ 46. Kh3 g5
47. hxg5 hxg5 48. Rb7+ Kg6 49. Qa6+ Qf6 50. Qxf6+ Kxf6 51. Rxa7 Rb4 52. Rd7 Ke5
53. Rg7 Kf5 54. Rd7 Rb5 55. Rd8 Ke4 56. Re8+ Kf5 57. Rd8 Rc5 58. b3 Rb5 59. b4
Ke4 60. Re8+ Kd3 61. Re5 Kc4 62. Kg4 d4 63. Re4 Kc3 64. Re8 Rd5 65. b5 d3 66.
Rc8+ Kb2 1/2-1/2

[Event "UT Dallas Fall Open 2017"]
[Site "Dallas USA"]
[Date "2017.11.18"]
[Round "3.13"]
[White "Prasanna, Raghuram Rao"]
[Black "Daggupati, Balaji"]
[Result "1-0"]
[WhiteTitle "IM"]
[BlackTitle "FM"]
[WhiteElo "2459"]
[BlackElo "2358"]
[WhiteFideId "5022401"]
[BlackFideId "2090759"]
[EventDate "2017.11.17"]

1. c4 e5 2. Nc3 Nf6 3. g3 d5 4. cxd5 Nxd5 5. Bg2 Nb6 6. d3 Be7 7. Be3 O-O 8. Rc1
Nc6 9. Bxc6 bxc6 10. Nf3 Bh3 11. Nxe5 Qd6 12. f4 Nd5 13. Bd2 Nxc3 14. Rxc3 c5
15. Qc2 Qd5 16. e4 Qxa2 17. Kf2 Qe6 18. Nf3 Rfb8 19. Be3 Rb5 20. b3 Qb6 21. d4
c4 22. Rb1 cxb3 23. Rcxb3 Rxb3 24. Rxb3 Qa6 25. Nd2 c6 26. Rc3 Qa1 27. Qc1 Qxc1
28. Rxc1 Rc8 29. Nc4 Rb8 30. Rc2 Rb1 31. Ne5 Bb4 32. Nxc6 Rf1+ 33. Ke2 Re1+ 34.
Kf3 Rf1+ 35. Bf2 Be1 36. Nxa7 Bxf2 37. Rxf2 Bg4+ 38. Ke3 Re1+ 39. Kd3 Bd7 40.
Rb2 Kf8 41. Nb5 Rd1+ 42. Kc4 Ke7 43. Nc3 Rc1 44. Kd3 f6 45. Rb1 Rxb1 46. Nxb1
Bb5+ 47. Ke3 Kd6 48. Nc3 Bc4 49. d5 Kc5 50. Na4+ Kb5 51. Kd4 1-0

[Event "UT Dallas Fall Open 2017"]
[Site "Dallas USA"]
[Date "2017.11.18"]
[Round "3.14"]
[White "Kavutskiy, Konstantin"]
[Black "Reshef, Omer"]
[Result "0-1"]
[WhiteTitle "IM"]
[BlackTitle "IM"]
[WhiteElo "2396"]
[BlackElo "2453"]
[WhiteFideId "2026384"]
[BlackFideId "2804336"]
[EventDate "2017.11.17"]

1. d4 d5 2. c4 c6 3. Nf3 Nf6 4. e3 Bf5 5. Nc3 e6 6. Nh4 Be4 7. f3 Bg6 8. Qb3 Qc7
9. Bd2 Be7 10. cxd5 cxd5 11. Nxg6 hxg6 12. e4 Nc6 13. O-O-O dxe4 14. fxe4 Nxd4
15. Qa4+ Nc6 16. Be3 O-O 17. Be2 a6 18. Kb1 Rfd8 19. g4 Rxd1+ 20. Qxd1 Rd8 21.
Qb3 Nd4 22. Bxd4 Rxd4 23. Rc1 Qd7 24. Bf3 Rd3 25. Rd1 Rxd1+ 26. Qxd1 Qxd1+ 27.
Nxd1 Nd7 28. Ne3 Bd8 29. Kc2 Kf8 30. Nc4 Bc7 31. h3 Ke7 32. a4 a5 33. b4 axb4
34. Kb3 Bd6 35. a5 e5 36. Nb6 Nxb6 37. axb6 Kf6 38. Be2 Kg5 39. Bc4 f5 40. exf5
gxf5 41. Bd5 fxg4 42. hxg4 Kxg4 43. Bxb7 Kf4 0-1

[Event "UT Dallas Fall Open 2017"]
[Site "Dallas USA"]
[Date "2017.11.18"]
[Round "3.15"]
[White "Javakhadze, Zurab"]
[Black "Kambrath, Yannick"]
[Result "1-0"]
[WhiteTitle "IM"]
[BlackTitle "FM"]
[WhiteElo "2452"]
[BlackElo "2332"]
[WhiteFideId "13603647"]
[BlackFideId "20632525"]
[EventDate "2017.11.17"]

1. Nf3 d5 2. g3 c6 3. Bg2 Bf5 4. O-O e6 5. d3 Nf6 6. c4 dxc4 7. dxc4 Nbd7 8. b3
Be7 9. Bb2 O-O 10. Qc1 Qc7 11. Nbd2 h6 12. Bc3 a5 13. Qb2 Rfd8 14. a3 Nc5 15.
Be5 Qd7 16. Bd4 Nce4 17. Nxe4 Bxe4 18. Bb6 Rdc8 19. Ne5 Qe8 20. Bxe4 Nxe4 21. b4
axb4 22. axb4 Nf6 23. Bd4 Rxa1 24. Rxa1 Ra8 25. c5 Nd5 26. Rxa8 Qxa8 27. b5 cxb5
28. Qxb5 Qc8 29. Nc4 Qc6 30. Qa5 f6 31. f3 Nc7 32. Qb6 Qd5 33. Bf2 Na6 34. Nd6
Qd1+ 35. Kg2 Qxe2 36. Nxb7 Qc4 37. Nd6 Qd3 38. Ne4 Kf7 39. Qa7 Kf8 40. c6 f5 41.
c7 Nxc7 42. Nc5 Qd6 43. Qxc7 Kf7 44. Qa7 g5 45. Qa2 g4 46. Qe2 Qd5 47. Nd3 Bd6
48. Ne1 h5 49. Qd3 Qc6 50. Qe3 Bb4 51. Nd3 Bd6 52. Nf4 e5 53. Qb3+ Kf8 54. Nxh5
e4 55. fxe4 Qxe4+ 56. Kg1 Ke7 57. Qe3 Qxe3 58. Bxe3 Ke6 59. Kf2 Kd5 60. Ke2 Be5
61. Nf4+ Ke4 62. Nd3 Bd6 63. Nf2+ Kd5 64. Kd3 Bb4 65. Nd1 Ba5 66. Bd4 Bc7 67.
Ne3+ Ke6 68. Ng2 Ba5 69. Nf4+ Kd6 70. Nh5 Kd5 1-0

[Event "UT Dallas Fall Open 2017"]
[Site "Dallas USA"]
[Date "2017.11.18"]
[Round "3.16"]
[White "Drozdowski, Kacper"]
[Black "Richard, Emma"]
[Result "1-0"]
[WhiteTitle "IM"]
[BlackTitle "WFM"]
[WhiteElo "2467"]
[BlackElo "2080"]
[WhiteFideId "1136720"]
[BlackFideId "657590"]
[EventDate "2017.11.17"]

1. e4 c5 2. Nf3 Nc6 3. Nc3 e5 4. Bc4 Be7 5. d3 d6 6. Nd2 Nf6 7. Nf1 O-O 8. Ne3
Nd4 9. O-O Rb8 10. a4 a6 11. Ncd5 b5 12. Nxf6+ Bxf6 13. Bd5 g6 14. axb5 axb5 15.
Bd2 Ne6 16. Ra7 Qb6 17. Qa1 Bg5 18. Qa5 Nf4 19. Qxb6 Rxb6 20. g3 Ne6 21. h4 Bxe3
22. Bxe3 Nd4 23. Bh6 Be6 24. Bxe6 Nxe6 25. Bxf8 Kxf8 26. Rfa1 b4 27. R1a6 Rxa6
28. Rxa6 Ke7 29. Ra7+ Kf8 30. Rd7 Nd4 31. Rxd6 Nxc2 32. Rd5 Ne1 33. Kf1 Nf3 34.
Rxc5 b3 35. Ke2 Nd4+ 36. Ke3 f6 37. f4 Nc2+ 38. Kd2 Nd4 39. fxe5 fxe5 40. Ke3 1-0

[Event "UT Dallas Fall Open 2017"]
[Site "Dallas USA"]
[Date "2017.11.18"]
[Round "3.17"]
[White "Yim, Sung Ho"]
[Black "Kadric, Denis"]
[Result "0-1"]
[BlackTitle "GM"]
[WhiteElo "2275"]
[BlackElo "2505"]
[WhiteFideId "2062020"]
[BlackFideId "14403803"]
[EventDate "2017.11.17"]

1. d4 d6 2. Nf3 g6 3. c4 Bg7 4. Nc3 Nd7 5. e4 e5 6. Be2 Ngf6 7. O-O O-O 8. Be3
Re8 9. d5 Nh5 10. Re1 Nf4 11. Bf1 h6 12. g3 Nh5 13. Rc1 Nhf6 14. Nh4 Nf8 15. Be2
c5 16. a3 h5 17. f3 N6h7 18. Bd3 Bf6 19. Ng2 h4 20. Bf2 Ng5 21. Kf1 Nh3 22. Be3
hxg3 23. hxg3 Bg5 24. Qd2 Nh7 25. Nd1 Rf8 26. Nf2 Nxf2 27. Kxf2 f5 28. Ke2 Qf6
29. Rf1 Bxe3 30. Qxe3 f4 31. Qf2 Ng5 32. g4 Kg7 33. Kd2 Rh8 34. Rh1 Bd7 35. Kc2
a6 36. Rcf1 Qd8 37. Ne1 b5 38. Qd2 Qb6 39. Kb1 Rab8 40. Be2 bxc4 41. Bxc4 Bb5
42. Bxb5 Qxb5 43. Rfg1 Qb3 44. Rxh8 Rxh8 45. Rf1 Rh3 46. Qg2 c4 47. Qc2 Kf6 48.
Kc1 Qe3+ 49. Qd2 Rh2 50. Qxe3 fxe3 51. Rg1 Nh3 52. Rg2 Rh1 53. Kd1 Nf4 54. Rc2
Kg5 55. a4 Nd3 56. Re2 Kf4 0-1

[Event "UT Dallas Fall Open 2017"]
[Site "Dallas USA"]
[Date "2017.11.18"]
[Round "3.18"]
[White "Ynojosa Aponte, Felix Jose"]
[Black "Ghatti, Sanjay"]
[Result "1/2-1/2"]
[WhiteTitle "IM"]
[BlackTitle "FM"]
[WhiteElo "2423"]
[BlackElo "2178"]
[WhiteFideId "3900258"]
[BlackFideId "2076438"]
[EventDate "2017.11.17"]

1. c4 e6 2. Nc3 d5 3. d4 Nf6 4. Nf3 Be7 5. cxd5 exd5 6. Qc2 c6 7. Bf4 g6 8. e3
Bf5 9. Bd3 Bxd3 10. Qxd3 Nh5 11. Be5 f6 12. Bxb8 Rxb8 13. Rb1 O-O 14. b4 a6 15.
a4 Ng7 16. b5 axb5 17. axb5 Qd7 18. O-O Nf5 19. bxc6 bxc6 20. e4 dxe4 21. Qc4+
Kg7 22. Nxe4 Rxb1 23. Rxb1 Rd8 24. g3 Nxd4 25. Nxd4 Qxd4 26. Qxc6 Qd5 27. Qxd5
Rxd5 28. Rb7 Kf8 1/2-1/2

[Event "UT Dallas Fall Open 2017"]
[Site "Dallas USA"]
[Date "2017.11.18"]
[Round "3.19"]
[White "Guo, Arthur"]
[Black "Stremavicius, Titas"]
[Result "0-1"]
[WhiteTitle "FM"]
[BlackTitle "IM"]
[WhiteElo "2219"]
[BlackElo "2422"]
[WhiteFideId "30903114"]
[BlackFideId "12804444"]
[EventDate "2017.11.17"]

1. e4 c5 2. Nf3 Nc6 3. d4 cxd4 4. Nxd4 Nf6 5. Nc3 d6 6. Bg5 Bd7 7. Qd2 Rc8 8.
O-O-O Nxd4 9. Qxd4 Qa5 10. Bd2 a6 11. Kb1 Qc5 12. Qxc5 Rxc5 13. Bd3 g6 14. Be3
Rc6 15. Bd4 Bg7 16. Nd5 e5 17. Nxf6+ Bxf6 18. Bc3 Bd8 19. Bb4 b5 20. Be2 Ke7 21.
a4 bxa4 22. Rd5 Be6 23. Rd2 Bc7 24. Rhd1 Rb8 25. Ba3 Rbb6 26. Ka1 Bc4 27. Bf3
Rb8 28. Be2 Bxe2 29. Rxe2 Ke6 30. Rd3 h5 31. Red2 Rbb6 32. Ka2 Rc4 33. f3 Rbc6
34. Kb1 f5 35. Re2 Bb6 36. g4 hxg4 37. fxg4 fxe4 38. Rg3 e3 39. h4 Rf4 40. h5
Rf2 41. Rg2 a5 42. h6 Rc7 43. c3 g5 44. Kc2 Rh7 45. Rh2 Rxe2+ 46. Rxe2 Rxh6 47.
Kd3 d5 48. Rg2 Rh1 49. Ke2 Rc1 50. Rg3 Rc2+ 51. Kd1 Rh2 52. Rf3 d4 0-1

[Event "UT Dallas Fall Open 2017"]
[Site "Dallas USA"]
[Date "2017.11.18"]
[Round "3.20"]
[White "Danelia, Mariam"]
[Black "Wheeler, Cameron"]
[Result "1/2-1/2"]
[WhiteTitle "WIM"]
[BlackTitle "IM"]
[WhiteElo "2153"]
[BlackElo "2391"]
[WhiteFideId "13603671"]
[BlackFideId "2060531"]
[EventDate "2017.11.17"]

1. d4 Nf6 2. c4 c6 3. Nc3 d5 4. Nf3 dxc4 5. a4 Bf5 6. Ne5 Nbd7 7. Nxc4 Qc7 8. g3
e5 9. dxe5 Nxe5 10. Bf4 Nfd7 11. Bg2 f6 12. Nxe5 Nxe5 13. O-O Rd8 14. Qb3 Qf7
15. Qxf7+ Kxf7 16. Bxe5 fxe5 17. f4 Bc5+ 18. Kh1 Rd4 19. e4 Be6 20. fxe5+ Ke7
21. Ne2 Rd2 22. Nf4 Bb3 23. Rf3 Bc2 24. Raf1 Bd1 25. Rd3 Rd8 26. Rxd8 Rxd8 27.
Nd5+ cxd5 28. Rxd1 d4 29. Bf1 Ke6 30. Bd3 g6 31. Kg2 Kxe5 32. Rf1 Rd7 33. Rc1 b6
34. Rc2 a5 1/2-1/2

[Event "UT Dallas Fall Open 2017"]
[Site "Dallas USA"]
[Date "2017.11.19"]
[Round "4.1"]
[White "Li, Ruifeng"]
[Black "Gareyev, Timur"]
[Result "1-0"]
[WhiteTitle "GM"]
[BlackTitle "GM"]
[WhiteElo "2570"]
[BlackElo "2615"]
[WhiteFideId "2061074"]
[BlackFideId "14200937"]
[EventDate "2017.11.17"]

1. e4 e5 2. Nf3 Nc6 3. Bb5 a6 4. Ba4 Nf6 5. O-O Be7 6. d3 d6 7. c3 O-O 8. Re1
Nd7 9. Nbd2 Nb6 10. Bb3 Kh8 11. d4 a5 12. h3 exd4 13. Nxd4 Bg5 14. Nxc6 bxc6 15.
Nf3 Bxc1 16. Qxc1 a4 17. Bc2 f6 18. Qf4 c5 19. Qh4 Qe7 20. e5 g5 21. Qh6 dxe5
22. Nxe5 fxe5 23. Rxe5 Qf7 24. Rae1 Bd7 25. Re7 Qxf2+ 26. Kh1 Rf7 27. Bxh7 Raf8
28. Bd3+ Kg8 29. Qxg5+ Kh8 30. Qh6+ Kg8 31. R1e5 Qxg2+ 1-0

[Event "UT Dallas Fall Open 2017"]
[Site "Dallas USA"]
[Date "2017.11.19"]
[Round "4.2"]
[White "Chandra, Akshat"]
[Black "Matsenko, Sergei"]
[Result "1-0"]
[WhiteTitle "GM"]
[BlackTitle "IM"]
[WhiteElo "2483"]
[BlackElo "2550"]
[WhiteFideId "25006711"]
[BlackFideId "4170083"]
[EventDate "2017.11.17"]

1. d4 Nf6 2. c4 c6 3. Nc3 d5 4. Nf3 e6 5. Bg5 h6 6. Bxf6 Qxf6 7. e3 Nd7 8. Rc1
g6 9. Be2 dxc4 10. Bxc4 Bg7 11. O-O O-O 12. Ne4 Qe7 13. Bb3 Rd8 14. Qc2 Nf6 15.
Ng3 Bd7 16. e4 Be8 17. e5 Nd7 18. Rfe1 c5 19. d5 exd5 20. Bxd5 Nf8 21. Qxc5 Qxc5
22. Rxc5 b6 23. Bxa8 bxc5 24. Be4 Ne6 25. h4 a5 26. Nf1 Rb8 27. b3 a4 28. Bd5
Nf4 29. Bc4 Bb5 30. Bxb5 Rxb5 31. Re4 axb3 32. axb3 Ne6 33. N1d2 Nd4 34. Nxd4
cxd4 35. Rxd4 Bxe5 36. Rd3 Kg7 37. Nc4 Bf6 38. g3 Be7 39. Ne3 h5 40. Kg2 Rb7 41.
Kf3 Bc5 42. Nd5 Ba7 43. Ke2 Kh6 44. b4 g5 45. hxg5+ Kxg5 46. Rb3 Rb5 47. f4+ Kg4
48. Nf6+ Kf5 49. Nxh5 Bc5 50. Kf3 Rxb4 51. Rc3 Bd4 52. g4+ Ke6 53. Rc7 f6 54.
Ng7+ Kd6 55. Rc8 Bb2 56. Ra8 Bc1 57. Nh5 Bb2 58. Re8 Kd7 59. Re2 Kd6 60. Ng7 Kd7
61. Re1 Rc4 62. Rb1 Bc1 63. Nh5 Ke7 64. Rb7+ Kf8 65. Rb6 f5 66. Rf6+ Ke7 67.
Rxf5 Rc3+ 68. Ke4 Re3+ 69. Kd4 Rf3 70. Re5+ Kd6 71. Ke4 Rf1 72. Kf5 Rh1 73. Re6+
Kc7 74. Nf6 Rf1 75. Re4 1-0

[Event "UT Dallas Fall Open 2017"]
[Site "Dallas USA"]
[Date "2017.11.19"]
[Round "4.3"]
[White "Macieja, Bartlomiej"]
[Black "Shtembuliak, Evgeny"]
[Result "1-0"]
[WhiteTitle "GM"]
[BlackTitle "IM"]
[WhiteElo "2533"]
[BlackElo "2490"]
[WhiteFideId "1104306"]
[BlackFideId "14113325"]
[EventDate "2017.11.17"]

1. d4 Nf6 2. c4 d6 3. Nc3 Bf5 4. g3 c6 5. Bg2 h6 6. e4 Bh7 7. Nge2 e5 8. d5 cxd5
9. cxd5 Nbd7 10. f3 Be7 11. Be3 O-O 12. O-O Qa5 13. Nc1 Bd8 14. Nb3 Qc7 15. a4
Qb8 16. a5 a6 17. Qd2 Bc7 18. Na4 b5 19. Nc3 Rc8 20. Na2 Nc5 21. Nxc5 dxc5 22.
Bh3 Bd6 23. Bxc8 Qxc8 24. b3 Nd7 25. g4 Qd8 26. Nc1 h5 27. h3 Rc8 28. Ra2 Bg6
29. Rc2 c4 30. bxc4 bxc4 31. Ne2 Qf8 32. Rb1 Bc5 33. Kg2 Bxe3 34. Qxe3 Nf6 35.
Nc3 Rc5 36. Rcb2 Rc8 37. Qb6 Nd7 38. Qxa6 Kh7 39. Qa7 Qd8 40. Rb7 Nc5 41. Rb8
Nd3 42. Rxc8 Nf4+ 43. Kf1 Qh4 44. Qf2 Qxh3+ 45. Kg1 1-0

[Event "UT Dallas Fall Open 2017"]
[Site "Dallas USA"]
[Date "2017.11.19"]
[Round "4.4"]
[White "Nakar, Eylon"]
[Black "Popilski, Gil"]
[Result "1/2-1/2"]
[WhiteTitle "IM"]
[BlackTitle "GM"]
[WhiteElo "2451"]
[BlackElo "2502"]
[WhiteFideId "2811111"]
[BlackFideId "2809060"]
[EventDate "2017.11.17"]

1. d4 d5 2. c4 e6 3. Nf3 Nf6 4. Nc3 Be7 5. Bf4 O-O 6. e3 Nbd7 7. a3 c5 8. cxd5
Nxd5 9. Nxd5 exd5 10. dxc5 Nxc5 11. Be2 Bf6 12. Be5 Bxe5 13. Nxe5 Re8 14. Nf3
Ne6 15. Rc1 Qb6 16. Qd2 Bd7 17. O-O Bb5 18. Bxb5 Qxb5 19. Rfd1 Rac8 20. Rxc8
Rxc8 21. Rc1 Rxc1+ 1/2-1/2

[Event "UT Dallas Fall Open 2017"]
[Site "Dallas USA"]
[Date "2017.11.19"]
[Round "4.5"]
[White "Sevian, Samuel"]
[Black "Sheng, Joshua"]
[Result "0-1"]
[WhiteTitle "GM"]
[BlackTitle "IM"]
[WhiteElo "2615"]
[BlackElo "2373"]
[WhiteFideId "2040506"]
[BlackFideId "2057360"]
[EventDate "2017.11.17"]

1. e4 c5 2. Nf3 d6 3. c3 Nf6 4. h3 g6 5. Bd3 Bg7 6. O-O O-O 7. Bc2 Nc6 8. Re1 e5
9. a4 d5 10. d3 h6 11. Na3 Be6 12. Bd2 Re8 13. Nh2 Qd7 14. Nf1 Rad8 15. Qf3 Qe7
16. Rad1 Rd7 17. Bc1 d4 18. Nd2 Qd8 19. Ndc4 a6 20. Qe2 Nh5 21. Bb3 Nf4 22. Qf1
dxc3 23. bxc3 Nxd3 24. Re3 Nf4 25. Rxd7 Qxd7 26. Nb6 Qd8 27. Bxe6 Rxe6 28. Nac4
Na5 29. g3 Rxb6 30. Nxb6 Qxb6 31. gxf4 exf4 32. Rd3 Be5 33. Rd5 Qf6 34. Qd1 Nc6
35. Rxc5 Bxc3 36. Rd5 Be5 37. Qg4 Kg7 38. Ba3 h5 39. Qc8 f3 40. Qf8+ Kh7 41. Bc1
Qe6 42. Be3 Bg7 43. Qd6 Qxe4 44. Rd1 Ne5 45. Qd4 Qf5 46. Kh2 Nd3 47. Qh4 Bf6 48.
Qxf6 Qxf6 49. Rxd3 Qe5+ 50. Kg1 Qf5 0-1

[Event "UT Dallas Fall Open 2017"]
[Site "Dallas USA"]
[Date "2017.11.19"]
[Round "4.7"]
[White "Ider, Borya"]
[Black "Prasanna, Raghuram Rao"]
[Result "0-1"]
[WhiteTitle "IM"]
[BlackTitle "IM"]
[WhiteElo "2515"]
[BlackElo "2459"]
[WhiteFideId "4901134"]
[BlackFideId "5022401"]
[EventDate "2017.11.17"]

1. Nf3 d5 2. c4 e6 3. b3 c5 4. cxd5 exd5 5. Bb2 Nf6 6. g3 Nc6 7. Bg2 Be7 8. d4
Ne4 9. dxc5 O-O 10. O-O Bxc5 11. Nc3 Nxc3 12. Bxc3 d4 13. Bb2 Bg4 14. Rc1 Bb6
15. h3 Bh5 16. Qd2 Qd7 17. Rfd1 Rad8 18. Qg5 Bg6 19. e3 d3 20. Nh4 f6 21. Qf4
Bf7 22. Be4 d2 23. Rc2 Ba5 24. Nf5 Bg6 25. Rc5 Bc7 26. Qh4 Be5 27. Bxe5 Bxf5 28.
Bxc6 bxc6 29. Bd4 Bxh3 30. Rxd2 Be6 31. Qf4 Rfe8 32. e4 Bf7 33. Ra5 Qe6 34. Rxa7
c5 35. Bxc5 Rxd2 36. Qxd2 Qxe4 37. Qd7 Qg6 38. Qd2 h5 39. Ra4 Qb1+ 40. Kg2 Qf5
41. Be3 Bd5+ 42. Kf1 Bf3 43. g4 hxg4 44. Qc3 Qh5 45. Qc4+ Kh8 46. Ke1 Rd8 47.
Bd4 Qh6 48. Qc5 Qf4 49. Qc3 Qh2 50. Kd2 Qxf2+ 51. Kc1 Qe2 52. Qd2 g3 53. Qxe2
Bxe2 54. Kd2 Bb5 0-1